Statistics for Countries Closest to Rwanda - 15 Second Sprint

Click here to take the quiz!

General Stats

  • This quiz has been taken 29 times
  • The average score is 8 of 20

Answer Stats

kmcountrymiles% Correct
0Burundi0
88%
0Uganda0
85%
0Democratic Republic
of the Congo
0
81%
372Kenya231
77%
0Tanzania0
77%
1256Republic of the Congo780
62%
815Malawi506
38%
507South Sudan315
35%
1170Sudan727
35%
610Zambia379
35%
751Central African Republic466
27%
1121Mozambique697
27%
872Ethiopia542
23%
941Angola585
19%
1134Somalia705
15%
1547Chad961
12%
1423Zimbabwe884
12%
1600Gabon994
8%
1491Cameroon927
0%
1703Comoros1058
0%

Score Distribution

Percentile by Number Answered

Percent of People with Each Score

Your Score History

You have not taken this quiz